Drugs in use / (Record no. 20325)
[ view plain ]
| 000 -LEADER | |
|---|---|
| fixed length control field | 01226cam a22002775a 4500 |
| 001 - CONTROL NUMBER | |
| control field | 17126041 |
| 005 - DATE AND TIME OF LATEST TRANSACTION | |
| control field | 20160214105606.0 |
| 008 - FIXED-LENGTH DATA ELEMENTS--GENERAL INFORMATION | |
| fixed length control field | 120113s2014 enka frdf 000 0 eng d |
| 020 ## - INTERNATIONAL STANDARD BOOK NUMBER | |
| International Standard Book Number | 9780273763758 |
| 040 ## - CATALOGING SOURCE | |
| Original cataloging agency | DNLM/DLC |
| Language of cataloging | eng |
| Transcribing agency | DLC |
| Modifying agency | DLC |
| -- | EG-ScBUE |
| -- | EG-ScBUE |
| 082 04 - DEWEY DECIMAL CLASSIFICATION NUMBER | |
| Classification number | 615.1 |
| Item number | RIC |
| Edition number | 22 |
| 100 1# - MAIN ENTRY--PERSONAL NAME | |
| Personal name | Richards, Ann |
| Titles and other words associated with a name | (Senior lecturer) |
| 9 (RLIN) | 38368 |
| 245 10 - TITLE STATEMENT | |
| Title | Drugs in use / |
| Statement of responsibility, etc | Ann Richards. |
| 250 ## - EDITION STATEMENT | |
| Edition statement | 2nd ed. |
| 260 ## - PUBLICATION, DISTRIBUTION, ETC. (IMPRINT) | |
| Place of publication, distribution, etc | Abingdon ; |
| -- | New York : |
| Name of publisher, distributor, etc | Routledge / Taylor & Francis Group, |
| Date of publication, distribution, etc | 2014. |
| 300 ## - PHYSICAL DESCRIPTION | |
| Extent | vi, 79 p. : |
| Other physical details | ill. ; |
| Dimensions | 12 cm. |
| 490 0# - SERIES STATEMENT | |
| Series statement | Nursing & health survival guide |
| 500 ## - GENERAL NOTE | |
| General note | Rev. ed. of : Nurse's survival guide to drugs in practice. 2009. |
| 520 ## - SUMMARY, ETC. | |
| Summary, etc | Understanding how drugs work is made simple in this easy to use pocket-sized guide. Drugs in common use are described under each body system and will form an aid to your confident administration of drugs to fit your patients'' needs. |
| 650 #7 - SUBJECT ADDED ENTRY--TOPICAL TERM | |
| Topical term or geographic name as entry element | Drugs |
| Form subdivision | Handbooks, manuals, etc. |
| Source of heading or term | BUEsh |
| 9 (RLIN) | 32488 |
| 650 #0 - SUBJECT ADDED ENTRY--TOPICAL TERM | |
| Topical term or geographic name as entry element | Drug Therapy |
| Form subdivision | Handbooks, manuals, etc. |
| Source of heading or term | BUEsh |
| 651 ## - SUBJECT ADDED ENTRY--GEOGRAPHIC NAME | |
| Source of heading or term | BUEsh |
| 653 ## - INDEX TERM--UNCONTROLLED | |
| Resource For college | Nursing |
| Arrived date list | July2014 |
| -- | February2016 |
| 700 1# - ADDED ENTRY--PERSONAL NAME | |
| Personal name | Richards, Ann |
| Titles and other words associated with a name | (Senior lecturer) |
| Title of a work | Nurse's survival guide to drugs in practice. |
| 9 (RLIN) | 38368 |
| 942 ## - ADDED ENTRY ELEMENTS (KOHA) | |
| Source of classification or shelving scheme | Dewey Decimal Classification |
| Withdrawn status | Lost status | Source of classification or shelving scheme | Damaged status | Not for loan | Koha collection | Home library | Current library | Shelving location | Date acquired | Source of acquisition | Cost, normal purchase price | Serial Enumeration / chronology | Total Checkouts | Full call number | Barcode | Date last seen | Cost, replacement price | Koha item type |
|---|---|---|---|---|---|---|---|---|---|---|---|---|---|---|---|---|---|---|
| Dewey Decimal Classification | Baccah | Central Library | Central Library | First floor | 09/07/2015 | Purchase | 96.00 | 21782 | 615.1 RIC | 000039257 | 01/12/2025 | 120.00 | NB - Book (Non borrowing) |